| 000 | 00871nam a2200205 a 4500 | ||
|---|---|---|---|
| 001 | 000032050 | ||
| 003 | DO-SdBNP | ||
| 005 | 20230220091027.0 | ||
| 007 | ta | ||
| 008 | 110712e1985 dr c gr 000 0 spa d | ||
| 040 |
_aDO-SdBNP _bspa _cBNPHU |
||
| 082 | 4 |
_bG575c _222 |
|
| 110 | 1 |
_aRepública Dominicana. _bGobierno de Concentración Nacional _932064 |
|
| 245 | 1 | 0 | _aPrimer centenario de la fundación de la provincia Espaillat. |
| 260 |
_aSanto Domingo : _bDirección General de Información, Publicidad y Prensa de la Presidencia, _c1985 |
||
| 300 |
_a18 p. ; _c21 cm. |
||
| 500 | _aTexto de la Conferencia Dictada por el Presidente Salvador Jorge Blanco en los Salones del Ayuntamiento Municipal de Moca con motivo del Primer Centenario de la Fundación de la Provincia Espaillat el día 7 de julio de 1985. | ||
| 590 | _aInventariado 2023 / MF | ||
| 942 |
_2ddc _cLF2 |
||
| 999 |
_c31541 _d31541 |
||